000 00803cam a2200241 a 4500
001 000018383
005 20250707094846.0
008 751030s1973 pr 001 0 spa d
035 _a(DLC) 68089283
035 _a(OCoLC)1746285
040 _aDO-SdBNP
_bspa
_cBNPHU
082 _a923.2
_bC355C
100 1 _aCruz Monclova, Lidio.
_939807
245 1 0 _aBaldorioty de Castro :
_bsu vida, sus ideas /
_cLidio Cruz Monclova.
260 _aSan Juan, Puerto Rico :
_bInstituto de Cultura Puertorriqueña,
_c1973 .
300 _a419 p. ;
_c19 cm.
490 1 _aBiblioteca popular
500 _aIncluye índice onomástico.
600 1 0 _aBALDORIOTY DE CASTRO, ROMÁN,
_d1822-1889.
_xBIOGRAFÍA
_939808
650 0 _aPolíticos
_939809
651 0 _aPuerto Rico
_914773
830 0 _aBiblioteca popular.
_95059
999 _c17904
_d17904